<?xml version="1.0" encoding="UTF-8"?><collection xmlns="info:lc/xmlns/marcxchange-v2"><record format="Unimarc" type="bibliographic"><leader>01165cam  2200301   450 </leader><controlfield tag="001">1821891</controlfield><controlfield tag="003">http://id.bnportugal.gov.pt/bib/porbase/1821891</controlfield><controlfield tag="005">20030616184800.0</controlfield><datafield ind1=" " ind2=" " tag="010"><subfield code="a">0-444-88098-4</subfield><subfield code="b">vol. 1</subfield></datafield><datafield ind1=" " ind2=" " tag="035"><subfield code="8">00625</subfield></datafield><datafield ind1=" " ind2=" " tag="095"><subfield code="a">PTBN00588688</subfield></datafield><datafield ind1=" " ind2=" " tag="100"><subfield code="a">19940324g19929999km y0pory0103    ba</subfield></datafield><datafield ind1="0" ind2=" " tag="101"><subfield code="a">eng</subfield></datafield><datafield ind1=" " ind2=" " tag="102"><subfield code="a">NL</subfield></datafield><datafield ind1="1" ind2=" " tag="200"><subfield code="a">Handbook of game theory</subfield><subfield code="e">with economic applications</subfield><subfield code="f">ed. by Robert J. Aumann and Sergiu Hart</subfield></datafield><datafield ind1=" " ind2=" " tag="210"><subfield code="a">Amsterdam [etc.]</subfield><subfield code="c">North-Holland</subfield><subfield code="d">1992-</subfield></datafield><datafield ind1=" " ind2=" " tag="215"><subfield code="a">vol.</subfield><subfield code="d">25 cm</subfield></datafield><datafield ind1="2" ind2=" " tag="225"><subfield code="a">Handbooks in economics</subfield><subfield code="v">11</subfield></datafield><datafield ind1=" " ind2=" " tag="300"><subfield code="a">A Biblioteca possui o vol. 1. - 2 exs do vol. 1</subfield></datafield><datafield ind1=" " ind2=" " tag="675"><subfield code="a">519.83</subfield><subfield code="3">357489</subfield></datafield><datafield ind1=" " ind2="1" tag="702"><subfield code="a">Aumann</subfield><subfield code="b">Robert J.</subfield><subfield code="4">340</subfield><subfield code="3">748926</subfield></datafield><datafield ind1=" " ind2="1" tag="702"><subfield code="a">Hart</subfield><subfield code="b">Sergiu</subfield><subfield code="4">340</subfield><subfield code="3">1450135</subfield></datafield><datafield ind1=" " ind2="0" tag="801"><subfield code="a">PT</subfield><subfield code="b">BN</subfield><subfield code="g">RPC</subfield></datafield><datafield ind1=" " ind2=" " tag="977"><subfield code="1">330.115 AUM</subfield><subfield code="2">coop</subfield><subfield code="4">IPLGD</subfield><subfield code="6">mq3061156</subfield><subfield code="7">bc</subfield><subfield code="8">coop</subfield><subfield code="9">IPLGD</subfield><subfield code="k">0</subfield></datafield><datafield ind1=" " ind2=" " tag="977"><subfield code="1">E-213 HGT</subfield><subfield code="2">coop</subfield><subfield code="4">UCJPII</subfield><subfield code="6">mq1257589</subfield><subfield code="7">bc</subfield><subfield code="8">coop</subfield><subfield code="9">UCJPII</subfield><subfield code="b">93-80</subfield><subfield code="c">2</subfield><subfield code="k">0</subfield></datafield><datafield ind1=" " ind2=" " tag="977"><subfield code="1">BGUM 519.83</subfield><subfield code="2">coop</subfield><subfield code="4">UMSD</subfield><subfield code="6">mq1257590</subfield><subfield code="7">bc</subfield><subfield code="8">coop</subfield><subfield code="9">UMSD</subfield><subfield code="k">0</subfield></datafield><datafield ind1=" " ind2=" " tag="977"><subfield code="1">HAN 519.83 48285/I SD</subfield><subfield code="2">coop</subfield><subfield code="4">UTADBG</subfield><subfield code="6">mq3113693</subfield><subfield code="7">bc</subfield><subfield code="8">coop</subfield><subfield code="9">UTADBG</subfield><subfield code="k">0</subfield></datafield><datafield ind1=" " ind2=" " tag="977"><subfield code="1">HAN 519.83 50955/I SD</subfield><subfield code="2">coop</subfield><subfield code="4">UTADBG</subfield><subfield code="6">mq3113694</subfield><subfield code="7">bc</subfield><subfield code="8">coop</subfield><subfield code="9">UTADBG</subfield><subfield code="k">0</subfield></datafield><datafield ind1=" " ind2=" " tag="977"><subfield code="1">HAN 519.83 50955/II SD</subfield><subfield code="2">coop</subfield><subfield code="4">UTADBG</subfield><subfield code="6">mq3113695</subfield><subfield code="7">bc</subfield><subfield code="8">coop</subfield><subfield code="9">UTADBG</subfield><subfield code="k">0</subfield></datafield><datafield ind1=" " ind2=" " tag="998"><subfield code="a">UCJ53-1429</subfield></datafield></record></collection>